000 00270nam a2200109Ia 4500
001 1264697
005 20260417141946.0
008 260417s9999 xx 000 0 und d
020 _a9789752898813
245 0 _aTuz Günleri
_cOrhan Alkaya
260 _bEverest Yayınları
999 _c1264697
_d1264697